书目信息 |
| 书名: | Perspectives on argument | |
| 作者: | Nancy V. Wood. | |
| 分册号: | ||
| 分册名: | 出版地: | Upper Saddle River, N.J. : |
|
| 出版社: | Prentice Hall | |
| 出版时间: | c2001. | |
| 页数: | xxxi, 681 p. : | |
| 开本: | 24 cm. | |
| 丛书名: | ||
| 中图分类号: | ||
| 科图分类号: | ||
| 其他分类号: | C913 | |
| 主题词: | ||
| 电子资源: | ||
| 000 | 01100cam a2200301 a 450 | |
| 001 | E0764155489 | |
| 005 | 20070506174931.21 | |
| 008 | 000502s2000 njua b 001 0 eng | |
| 010 | @a00033997 | |
| 020 | @a0130225649. | |
| 040 | @aDLC@cDLC@dDLC | |
| 050 | 00 | @aPE1431@b.W66 2001 |
| 082 | 00 | @a808/.042@2 21 |
| 090 | @aC913 | |
| 099 | @dC913@ex128=3 | |
| 100 | 1 | @aWood, Nancy V. |
| 245 | 10 | @aPerspectives on argument / @cNancy V. Wood. |
| 250 | @a3rd ed. | |
| 260 | @aUpper Saddle River, N.J. :@bPrentice Hall,@cc2001. | |
| 300 | @axxxi, 681 p. :@bill. ;@c24 cm. | |
| 504 | @aIncludes bibliographical references and indexes. | |
| 650 | 0 | @aReport writing. |
| 650 | 0 | @aCollege readers. |
| 650 | 0 | @aPersuasion (Rhetoric) |
| 650 | 0 | @aEnglish language@xRhetoric. |
| 906 | @a7@bcbc@corignew@d1@eocip@f20@gy-gencatlg | |
| 925 | 0 | @aacquire@b1 shelf copy@xpolicy default |
| 955 | @ato HLCD pc16 05-02-00 ; lh04 to subj. 05-04-00; lh06 05-10-00; lk18 05-12-00; to Dewey 05-12-00; aa15 05-12-00; bk rec’d, to CIP ver. ps13 11-03-00; CIP ver lj15/13 12-13-00; lh37 to BCCD 12-14-00 | |
| Perspectives on argument / / Nancy V. Wood.-3rd ed.-Upper Saddle River, N.J. : : Prentice Hall, , c2001. |
| xxxi, 681 p. : : ill. ; ; 24 cm. |
| Includes bibliographical references and indexes. |
| ISBN 0130225649. |
| ● |
| 相关链接 |
|
|
|
|
正题名:Perspectives on argument
索取号:C913/x128=3
 
预约/预借
| 序号 | 登录号 | 条形码 | 馆藏地/架位号 | 状态 | 备注 |
| 1 | 0007656 | 300076566 | 第二样本阅览室/ [索取号:C913/x128=3] | 在馆 | |
| 2 | 0007657 | 300076575 | 第四借阅区/ [索取号:C913/x128=3] | 在馆 | |
| 3 | 0007658 | 300076584 | 第四借阅区/ [索取号:C913/x128=3] | 在馆 |